|
|
|
|
| LEADER |
00000nam a2200000 a 4500 |
| 001 |
vtls008405983 |
| 003 |
SK-MaSNL |
| 005 |
20260301220316.0 |
| 008 |
251124q1919 xo slo |
| 015 |
|
|
|a SKSNBA19191938-014549
|
| 035 |
|
|
|a SK01SNKBSKHR20010098200
|
| 035 |
|
|
|a SKM000100663
|
| 040 |
|
|
|a SNK
|b slo
|c SNK
|e AACR2
|
| 041 |
0 |
|
|a slo
|
| 044 |
|
|
|a xo
|c SK
|
| 080 |
|
|
|a 282
|2 1981
|
| 080 |
|
|
|a 23
|2 1981
|
| 245 |
0 |
0 |
|a Vzdychnutie k blahoslavenej Panne Márii
|
| 260 |
|
|
|a [Slovensko?]
|b [vydavateľ nie je známy]
|c [po r. 1919]
|e Banská Bystrica
|f Slov. Grafia
|
| 300 |
|
|
|a [4] s.
|c 8°
|
| 610 |
2 |
7 |
|a Rímskokatolícka cirkev
|2 SNKKA
|9 32394
|
| 650 |
0 |
7 |
|a dogmatická teológia
|2 SNKPH
|9 1805
|
| 655 |
|
7 |
|a monografie
|2 SNKPH
|9 70139
|
| 852 |
|
|
|a SKK SR-M
|b 9000000
|h Prameň: Radostná novina. (Konvolút)
|
| 958 |
|
|
|a ONDV
|
| 958 |
|
|
|a RK
|
| 958 |
|
|
|a TL
|
| 999 |
|
|
|c 931337
|d 933267
|
| 952 |
|
|
|a SNK
|b SNK
|y PREZ
|7 0
|p 17A0603715
|o snkSD 16610/98
|i snkK 486/81
|8 3
|0 0
|1 0
|4 0
|d 2008-11-21
|l 0
|r 2025-12-01 00:00:00
|w 2026-02-24
|